<?xml version="1.0" encoding="UTF-8"?><?xml-stylesheet type="text/xsl" href="static/style.xsl"?><OAI-PMH xmlns="http://www.openarchives.org/OAI/2.0/" xmlns:xsi="http://www.w3.org/2001/XMLSchema-instance" xsi:schemaLocation="http://www.openarchives.org/OAI/2.0/ http://www.openarchives.org/OAI/2.0/OAI-PMH.xsd"><responseDate>2026-06-02T12:08:17Z</responseDate><request verb="GetRecord" identifier="oai:riuma.uma.es:10630/46011" metadataPrefix="marc">https://riuma.uma.es/rest/oai/request</request><GetRecord><record><header><identifier>oai:riuma.uma.es:10630/46011</identifier><datestamp>2026-03-13T00:45:22Z</datestamp><setSpec>com_10630_2254</setSpec><setSpec>col_10630_37953</setSpec></header><metadata><record xmlns="http://www.loc.gov/MARC21/slim" xmlns:dcterms="http://purl.org/dc/terms/" xmlns:doc="http://www.lyncode.com/xoai" xmlns:xsi="http://www.w3.org/2001/XMLSchema-instance" xsi:schemaLocation="http://www.loc.gov/MARC21/slim http://www.loc.gov/standards/marcxml/schema/MARC21slim.xsd">
   <leader>00925njm 22002777a 4500</leader>
   <datafield ind2=" " ind1=" " tag="042">
      <subfield code="a">dc</subfield>
   </datafield>
   <datafield ind2=" " ind1=" " tag="720">
      <subfield code="a">Muñoz-López, Pablo</subfield>
      <subfield code="e">author</subfield>
   </datafield>
   <datafield ind2=" " ind1=" " tag="720">
      <subfield code="a">Sammartino,  Simone</subfield>
      <subfield code="e">author</subfield>
   </datafield>
   <datafield ind2=" " ind1=" " tag="720">
      <subfield code="a">García-Lafuente, Jesús</subfield>
      <subfield code="e">author</subfield>
   </datafield>
   <datafield ind2=" " ind1=" " tag="720">
      <subfield code="a">Nadal, Irene</subfield>
      <subfield code="e">author</subfield>
   </datafield>
   <datafield ind2=" " ind1=" " tag="720">
      <subfield code="a">Bejarano,  Antonio</subfield>
      <subfield code="e">author</subfield>
   </datafield>
   <datafield ind2=" " ind1=" " tag="720">
      <subfield code="a">Pulido, Ángel</subfield>
      <subfield code="e">author</subfield>
   </datafield>
   <datafield ind2=" " ind1=" " tag="260">
      <subfield code="c">2026</subfield>
   </datafield>
   <datafield ind2=" " ind1=" " tag="520">
      <subfield code="a">Accurate, real-time hydrodynamic forecasts are essential for understanding and managing short-term variability in estuarine systems. This study presents an operational real-time forecasting system for the Guadalquivir Estuary (SW Iberian Peninsula), a highly modified and regulated estuary of strong scientific and operational interest. The system is built on a three-dimensional Delft3D-Flow model that integrates, every 12-h, (i) astronomical and meteorological tide at the ocean boundary; (ii) regulated freshwater dam and tributary releases; and (iii) wind and surface heat-flux fields. Each operational cycle performs a 36-h hindcast followed by a 72-h forecast, completing the full 108-h integration in less than 25 min on a 24-core workstation. Validation against seven tide gauges during 2024 shows high predictable skill, with peak water level errors below 15 cm along the entire estuary and below 10 cm in the navigable reach, 6–10% of the tidal range, while Pearson correlations exceed 0.95. No systematic timing drift is detected between successive forecast cycles. Sensitivity tests show that the pragmatic treatment of unknown future forcings adds less than 4 cm to forecast error, well within the intrinsic model uncertainty. An automated alert protocol monitors forecast skill in near real time, supporting operational robustness. Overall, the system delivers reliable three-day water level predictions, demonstrating how numerical modeling, real-time validation, and uncertainty management can be combined to support operational oceanography in tidally dominated estuaries, with potential transferability to other estuarine systems worldwide.</subfield>
   </datafield>
   <datafield ind1="8" ind2=" " tag="024">
      <subfield code="a">Muñoz-López, P., Sammartino, S., García-Lafuente, J. et al. An operational real-time forecasting system for estuarine hydrodynamics: the Guadalquivir Estuary (SW Iberian Peninsula). Ocean Dynamics 76, 25 (2026). https://doi.org/10.1007/s10236-026-01778-8</subfield>
   </datafield>
   <datafield ind1="8" ind2=" " tag="024">
      <subfield code="a">https://hdl.handle.net/10630/46011</subfield>
   </datafield>
   <datafield ind1="8" ind2=" " tag="024">
      <subfield code="a">10.1007/s10236-026-01778-8</subfield>
   </datafield>
   <datafield tag="653" ind2=" " ind1=" ">
      <subfield code="a">Ciencias del mar</subfield>
   </datafield>
   <datafield tag="653" ind2=" " ind1=" ">
      <subfield code="a">Estuario del Guadalquivir</subfield>
   </datafield>
   <datafield tag="653" ind2=" " ind1=" ">
      <subfield code="a">Estuarios</subfield>
   </datafield>
   <datafield ind2="0" ind1="0" tag="245">
      <subfield code="a">An operational real-time forecasting system for estuarine hydrodynamics: the Guadalquivir Estuary (SW Iberian Peninsula)</subfield>
   </datafield>
</record>
</metadata></record></GetRecord></OAI-PMH>